000 00724cam a2200205 4500
001 1184
003 OCoLC
005 20181127162842.0
008 950913r19951994nyu 000 0deng d
020 _a0380725592 (pbk.)
043 _an-us-ma
100 1 _aReid, Robert,
_d1965-
245 1 0 _aYear one :
_ban intimate look inside Harvard Business School, /
_cRobert Reid.
260 _aNew York :
_bAvon Books,
_c1995.
300 _a331 p. ;
_c21 cm.
500 _aOrignially published: New York : W, Morrow, 1994.
600 1 0 _aReid, Robert,
_d1965-
610 2 0 _aHarvard University.
_bGraduate School of Business Administration
_xStudents
_xBiography.
610 2 0 _aHarvard University.
_bGraduate School of Business Administration.
999 _c832
_d832